000 01198cam a22003374a 4500
001 16370840
003 OSt
005 20230606092018.0
008 100802s2010 ke a b 000 0 eng
010 _a 2010305645
020 _a9789966702692
020 _a9966702695
040 _aDLC
_cDLC
042 _alcode
043 _af-ke---
050 0 0 _aHC865
_b.K4895 2010
082 _a338.96762121
_bSID
245 0 0 _aKenya's Vision 2030 :
_ban Audit from an Income and Gender Inequalities Perspective.
260 _aNairobi :
_bSociety for International Development, Regional Office for Eastern Africa,
_c2010.
300 _axvii, 140 p. :
_bcol. ill. ;
_c30 cm.
504 _aIncludes bibliographical references.
650 0 _aEconomic development
_zKenya.
650 0 _aEconomic forecasting
_zKenya.
650 0 _aWomen in development
_zKenya.
651 0 _aKenya
_xEconomic policy.
651 0 _aKenya
_xPolitics and government
_y2002-
710 2 _aSociety for International Development.
_bRegional Office for Eastern Africa.
906 _a7
_bcbc
_corigode
_d3
_encip
_f20
_gy-gencatlg
942 _2ddc
_cBK
999 _c528
_d528